000
00349 a2200169 4500
001
192651
020
_a
978-85-7319-547-7
040
_c
Magnum
100
_a
França, Mary
240
1
0
_a
Cadê o rato?
_l
por
245
1
0
_a
Cadê o rato?
300
_a
24
362
0
_a
2007
440
1
_a
Dimensão
697
_a
LITERATURA INFANTIL
942
_c
BK
999
_c
192651
_d
192651